00650nam a2200217ra 450000100060000000300080000600500170001400800410003103500190007204000270009104100080011808200220012610000280014824500380017625000120021426000420022630000250026850400510029360000330034465100550037724721BD-RjUL20211209001105.0140315s1946 enk b 00100 eng d a(BD-RjUL)24790 aANLbengcANLdBD-RjUL aeng04a923.242bPEG 19461 aPetrie, Charles,d1895-10aGeorge Canning /cCharles Petrie. a2nd ed. aLondon :bEyre & Spottiswoode,c1946. axi, 255 p. ;c22 cm. aIncludes bibliographical references and index.10aCanning, George,d1770-1827. 0aGreat BritainxPolitics and governmenty1800-1837.